000 00674nam a2200181Ia 4500
008 100920s9999 xx 000 0 und d
082 _b98087
_a891.43 थ 87
100 _aओम प्रकाश प्रसाद.
245 _aऔरंगजेब एक नई दुष्टी.
260 _bखुदाबक्ष ओरएिंटल लायब्ररी पटना.
_c1987
300 _a1994
_bसाधी
365 _b60
520 _aहिंदी.
630 _aऔरंगजेब एक नई दुष्टी.
650 _aहिंदी.
730 _aऔरंगजेब एक नई दुष्टी.
942 _cBOOK
999 _c738525
_d738522